| 000 | 00839nam a2200205Ia 4500 | ||
|---|---|---|---|
| 003 | GCL | ||
| 005 | 20240530101744.0 | ||
| 008 | 140319s9999 xx 000 0 ara d | ||
| 040 |
_aGCL / _cGCL |
||
| 082 | 0 | 4 |
_a230 _bس ف |
| 100 | 1 | _aالسخاوى , شمس الدين ابوالخير محمد بن عبدالرحمن بن محمد بن ابى بكر | |
| 245 | 1 | 0 |
_aفتح المغيث شرح الفية الحديث / _cالسخاوى , شمس الدين ابوالخير محمد بن عبدالرحمن بن محمد بن ابى بكر |
| 260 |
_a[S.N] : _bدار الكتب العلمية للنشر والتوزيع ، _c1983 |
||
| 300 | _aمتعدد | ||
| 650 | 0 | 4 | _aالنحو |
| 650 | 0 | 4 | _aاللغة العربية |
| 650 | 0 | 4 | _aالنحو العربى |
| 650 | 0 | 4 | _aفقه اللغة المقارن |
| 942 |
_2ddc _cBK |
||
| 999 |
_c27505 _d27505 |
||